Online Catalogue and eLibrary

Naan kanda sithtargal (Record no. 952)

MARC details
000 -LEADER
fixed length control field 00384nam a2200157Ia 4500
005 - DATE AND TIME OF LATEST TRANSACTION
control field 20250425073719.0
008 - FIXED-LENGTH DATA ELEMENTS--GENERAL INFORMATION
fixed length control field 240331s9999 xx 000 0 und d
082 ## - DDC Classification
Class No. 294.5
Item Number - Author Mark PAR
100 ## - MAIN ENTRY--PERSONAL NAME
Personal name Paramaguru, P
245 #0 - TITLE STATEMENT
Title Naan kanda sithtargal
250 ## - EDITION STATEMENT
Edition statement 2nd
260 ## - PUBLICATION, DISTRIBUTION, ETC.
Place of publication, distribution, etc. Chennai
Name of publisher, distributor, etc. Vanathi pathippagam
Date of publication, distribution, etc. 1995
300 ## - PHYSICAL DESCRIPTION
Extent (e.g. Volumes, Pages etc.) 298 p .,
500 ## - GENERAL NOTE
General note Sitharkalai pandriyy nool
942 ## - Koha item type (Biblio)
Koha item type Books in Stacks (Lending)
Holdings
Lost status Damaged status Collection code Home library Current library Shelving location Date acquired Full call number Accession Number Item type
    Lending WERC Library WERC Library Social Science Cupboard 03/31/2024 294.5 PAR 2611 Books in Stacks (Lending)

© WERC Library